书目信息 |
| 题名: |
外国教育法选编
|
|
| 作者: | ;国家教育委员会情报资料室政策研究室 编 | |
| 分册: | ||
| 出版信息: | 北京 法律出版社 1987 |
|
| 页数: | 299页 | |
| 开本: | 19cm | |
| 丛书名: | ||
| 单 册: | ||
| 中图分类: | D912.109 , G510 | |
| 科图分类: | ||
| 主题词: | 教育法令规程--外国--汇编 , 教育事业--世界 | |
| 电子资源: | ||
| ISBN: | ||
| 000 | 00805nam0 2200265 45 | |
| 001 | 0187000665 | |
| 005 | 20040425134044.1 | |
| 010 | @dCNY1.60 | |
| 091 | @a6004.982 | |
| 100 | @a19900808d1987 emky0chiy0121 ea | |
| 101 | 0 | @achi |
| 102 | @aCN@b110000 | |
| 105 | @ay n 000yy | |
| 106 | @ar | |
| 200 | 10 | @a外国教育法选编@Awai guo jiao yu fa xuan bian@f国家教育委员会情报资料室政策研究室编@FGuo Jia Jiao Yu Wei Yuan Hui Qing Bao Zi Liao Shi Zheng Ce Yan Jiu Shi Bian |
| 210 | @a北京@c法律出版社@d1987 | |
| 215 | @a299页@d19cm | |
| 606 | @a教育法令规程@y外国@x汇编 | |
| 606 | 0 | @a教育事业@x世界 |
| 690 | @aD912.109@v3 | |
| 690 | @aG510 | |
| 711 | 02 | @a国家教育委员会情报资料室政策研究室@4编 |
| 801 | 0 | @aCN@b深圳图书馆@c20040425 |
| 801 | 2 | @aCN@bNLC@c20040425 |
| 905 | @f1@b204280@dG510@e19 | |
| 外国教育法选编/国家教育委员会情报资料室政策研究室编.-北京:法律出版社,1987 |
| 299页;19cm |
| ISBN :CNY1.60 |
| ● |
| 相关链接 |
|
|
|
|
正题名:外国教育法选编
索取号:G510/19
 
预约/预借
| 序号 | 登录号 | 条形码 | 馆藏地/架位号 | 状态 | 备注 |
| 1 | 0204279 | 000461903 | 密集书库/ [索取号:G510/19] | 在馆 | |
| 2 | 0204280 | 000461912 | 密集书库/ [索取号:G510/19] | 在馆 | |
| 3 | 0204281 | 202443418 | 第一样本阅览室/ [索取号:G510/19] | 在馆 |